01079nas a2200277Ia 4500001001200000003001000012008004100022040002500063041001300088100002400101210001500125222001500140245009100155250001100246260000900257501012300266300001100389362002700400500014600427650001700573700001100590942000700601957000600608999003300614952015400647dg77-35365 IT-MiCISF161014c99999999xx |||||||||||| ||und|| aIT-MiCISFcIT-MiCISF aITALIANO aRichiedei Giuseppe  aAge Stampa aAge Stampa 0aGenitori in associazionebRisorsa per l'accoglienza e per la qualità€ dell'educazione a1a ed. c2001 bCISF - Centro Internazionale Studi Famiglia - Via Giotto, 36 20145 MILANO (non commercial uses only)cCopyright 2016 app. 62 an. 10, dicembre [2001] aProdi R., Zani V., Moratti L., Giovanardi C., Manzini G., Santolini L., Meloni E., Casini C. Tema: famiglia, associazioni, scuola, educazione aSCUOLAvatti aAA.VV. cCR 71 a35365bSig1c227063d227063 0010406DG_773536571aCISFbCISFd2016-10-14l0odg77-35365 r2016-10-14 00:00:00w2016-10-14yCRzData import 15.10.2016 / by Epidotti, Vaglietti